Top 25 des pokémon ayant le plus grand total de base stats - Statistiques

Statistiques générales
  • Ce quiz a été pris 94 fois
    23 depuis la dernière actualisation
  • Le résultat moyen est 14 sur 27
Statistiques - réponses
Hint Réponse % Correct
7 720 Arceus
87%
4 770 Primo Groudon
80%
1 ex aequo 780 Mega Rayquaza
73%
4 ex aequo 770 Primo Kyogre
73%
1 780 Mega Mewtwo X
67%
1 ex aequo 780 Mega Mewtwo Y
67%
9 ex aequo 700 Kyurem Blanc
60%
9 ex aequo 700 Kyurem Noir
60%
9 ex aequo 700 Méga Dracolosse
60%
9 ex aequo 700 Mega Latias
60%
9 ex aequo 700 Mega Latios
60%
9 ex aequo 700 Mega Carchacrok
53%
9 ex aequo 700 Mega Drattak
53%
9 700 Mega Tyranocif
53%
6 754 Ultra Necrozma
53%
9 ex aequo 700 Mega Metalosse
47%
8 708 Zygarde Forme Parfaite
47%
9 ex aequo 700 Méga Darkrai
40%
9 ex aequo 700 Mega Diancie
40%
9 ex aequo 700 Méga Heatran
40%
9 ex aequo 700 Zacian Epée Suprême
40%
9 ex aequo 700 Zamazenta Bouclier Suprême
40%
9 ex aequo 700 Méga Carchacrok Z
27%
9 ex aequo 700 Méga Glaivodo
27%
9 ex aequo 700 Méga Zeraora
20%
9 ex aequo 700 Térapagos Stellaire
20%
9 ex aequo 700 Méga Magearna
13%
Aucun quiz correspondant
Distribution des résultats
% des personnes avec chaque résultat
Percentile par nombre de réponses
Votre historique - résultats
Vous n’avez pas pris ce quiz depuis la dernière actualisation